00675nam a2200241 a 4500001001300000003000900013005001700022008004100039020001000080082001600090100002400106245002700130260003300157300000900190500003500199505001000234650001800244700002400262902000800286942000700294952011700301999001500418nice12345678IN_TiNIC20260116012832.0050524s1959 pera grp 000 0 ara  ac10000a892.71bMOH aMohammadi, Mohammad aDarsul Lughat Wal Adab aPersia bNo Publishersc1959 a247p aincludes index and biblioraphy2 aIndex aArabic-Poetry1 aMohammadi, Mohammad bSRS cBK 001040708StackRoom-aHMIbHMId2007-06-04g100.00l0o892.71 MOHp013848r2007-06-04v100.00w2005-05-24yBK c8576d8576